000 00902nmm a2200277 a 4500
001 ocm000940721
003 TR-IsHL
005 20201028145723.0
008 150110s2013 tu tur
007 cr cn
020 _a9786055315641
035 _a940721
_b(N$T)
050 0 4 _aPQ3989.2.D54
_bM49 2013
090 0 4 _aPQ3989.2.D54
_bM49 2013
100 1 _aDjebar, Assia
245 1 0 _aMezarı olmayan kadın
_h[electronic resource] /
_cAssia Djebar ; çev. Olcay Geridönmez
260 _aİstanbul :
_bEvrensel Basım Yayın,
_c2013
300 _a153 p.
650 4 _aDil ve Edebiyat
650 4 _aLanguage and Literature
650 0 _aFransız romanı
650 0 _aFrench fiction
650 7 _aLITERARY COLLECTIONS / European / French
_2bisacsh
700 1 _aGeridönmez, Olcay
856 4 0 _uhttp://search.ebscohost.com/login.aspx?direct=true&scope=site&db=e011xww&AN=940721
999 _c10098
_d10098